00382nam a22001457a 4500003000400000008004100004020001800045082001500063100002100078245005500099250000800154260005200162300000800214650001400222OSt210814b ||||| |||| 00| 0 eng d a9788194857877 a294.4bPAJG aPANIKER, Agustin aJainism: History, Society, Philosophy and Practice aRep aNew DelhibMotilal Banarsidass Pub. Housec2021 a541 aReligious